La sanción de decomiso en el ámbito tributario (Registro nro. 22185)

Detalles MARC
000 -LEADER
fixed length control field 00348 a2200109 4500
001 - CONTROL NUMBER
control field ART_17336
005 - DATE AND TIME OF LATEST TRANSACTION
control field 20260410161819.0
008 - FIXED-LENGTH DATA ELEMENTS--GENERAL INFORMATION
fixed length control field 260409a
100 1# - MAIN ENTRY--PERSONAL NAME
Personal name Domínguez, Marcelo E.
245 10 - TITLE STATEMENT
Title La sanción de decomiso en el ámbito tributario
773 0# - HOST ITEM ENTRY
Title Doctrina Penal Tributaria y Económica
Related parts - Nº 5 (mar. 2008)
Record control number REV4317

No hay ítems disponibles.